Vista normal
Vista MARC
- Serrano Rodríguez, Carlos Eduardo
Entrada Personal Name
Número de registros utilizados en: 2
001 - CONTROL NUMBER
- control field: 29198
003 - CONTROL NUMBER IDENTIFIER
- control field: OSt
005 - DATE AND TIME OF LATEST TRANSACTION
- control field: 20161026140834.0
008 - FIXED-LENGTH DATA ELEMENTS
- fixed length control field: 161026|| aca||aabn | a|a d
040 ## - CATALOGING SOURCE
- Original cataloging agency: OSt
- Transcribing agency: OSt
100 ## - HEADING--PERSONAL NAME
- Personal name: Serrano Rodríguez, Carlos Eduardo
670 ## - SOURCE DATA FOUND
- Source citation: Work cat.: (OSt)3454: Serrano Rodríguez, Carlos Eduardo, Administración pública y conducta ética, 1990